02533nam a2200277 a 4500001001000000003001000010005001700020007000300037008004100040040003000081082003000111100003600141245006500177264005800242300006300300336002700363337003300390338002800423490003500451500005800486505148800544600004502032650004902077650006402126651006502190000017855 DO-SdBPM20250918103852.0ta100406s1998 dr abc 000 0 spa d aDO-SdBPMbspacBPMSUdrda 4a972.93054bF827b 19982221 aFranjul, Miguel,d1951-eautor 10aBosch :bnoventa días de clandestinidad /cMiguel Franjul. aSanto Domingo :bFranjul, Analista & Asesores,c1998. a262 páginas :bil.ustraciones, mapa., retrato.;c23 cm. atextobtxt2rdacontent asin mediaciónbn2rdamedia avolumenbnc2rdacarrier0 aCrónicas periodísticas,v2 aIncluye datos biográficos del autor en las solapas.0 aPIMER CAPÍTULO. Van a matar al presidente, 15 -- El secuestro de los misioneros, 18 -- Se descubre la presencia de Caamaño, 27 -- Francis vendrá un día, 34. Toribio inicia sus contactos, 41 --. Bosch entra en la clandestinidad, 49 -- SEGUNDO CAPÍTULO. Los manuscritos, 73 -- El primer manuscrito,74 -- El segundo manuscrito, 80 -- El tercer manuscrito, 86 -- Hay que limpiar la catedral, 90 -- JB denuncia Águila feliz, 94 -- TERCER CAPÍTULO. El estado de emergencia, 105 -- El cuarto manuscrito, 109 -- Bosch, en su refugio, 120. El quinto manuscrito, 127. Bosch cambia de sitio, 130. El sexto manuscrito, 134 -- Balaguer vuelve a Ocoa, 144 -- El séptimo manuscrito, 144 -- CUARTO CAPÍTULO. Bosch se intoxica, 159 -- Toribio, disfrazado de ingeniero, 163 -- Bosch se recupera, 167 -- El octavo manuscrito, 168 -- La policía llega al apartamento, 173 -- El noveno manuscrito, 175 -- La muerte de Caamaño, 185 -- Bosch se enferma de nuevo, 190 -- QUINTO CAPÍTULO. Las imágenes de Caamaño muerto, 195 -- Peña, a punto de ser descubierto, 17-- Torio, en contracorriente, 205 -- Cómo Bosch pasaba el tiempo, 206 -- SEXTO CAPÍTULO. Doce días de silencio, 211-- El décimo manuscrito, 211 -- Aparece el guerrillero, 217 -- Bosch: tendrán que matarme, 223 -- Clandestinidad y manuscrito, 231 -- SÉPTIMO CAPÍTULO. Bosch reaparece, 237 -- Bosch: gravemente enfermo,243 -- El duodécimo y último manuscrito, 249 -- Fin de la clandestinidad, 255.14a Bosch, Juan, d1909-2001v Biografías 7aGuerrillaszRepública DominicanaxHistoria 7aPersecuciones políticaszRepública DominicanaxHistoria 7aRepública DominicanaxPolítica Y Gobierno,y1961-19652